| 000 | 00676nam a2200217Ia 4500 | ||
|---|---|---|---|
| 005 | 20260415173415.0 | ||
| 008 | 008 250505s9999 xx 000 0 eng d | ||
| 020 | _a978-0-367-74706-0 | ||
| 037 | _aReference | ||
| 040 |
_aFEDL _beng _cFEDL |
||
| 041 |
_aeng _2eng |
||
| 084 |
_a363.7 LAN/RR _qFEDL |
||
| 100 |
_aLange Elizabeth A _9783688 |
||
| 245 | 0 | _aTransformative sustainability education: Reimagining our future | |
| 260 |
_aLondon, UK _bRoutledge _c2023 |
||
| 300 | _axxx, 437p. | ||
| 365 |
_aGBP _b34.99 |
||
| 490 | _aResearch and Teaching in Environmental Studies | ||
| 942 |
_cREF _h363.7 LAN/RR |
||
| 999 |
_c1400119 _d1400119 |
||